| 000 | 00792nam a2200229 i 4500 | ||
|---|---|---|---|
| 001 | 97717 | ||
| 003 | ES-MaACL | ||
| 005 | 20250924063027.0 | ||
| 007 | t| | ||
| 008 | 160909s1948 sp ||||1| spa d | ||
| 100 | 1 |
_aCampos, Jorge, _d1916-1983 _934244 |
|
| 245 | 1 | 0 |
_aEn nada de tiempo / _cJorge Campos ; ilustraciones de Ricardo Zamorano. |
| 250 | _a[1ª ed.]. | ||
| 260 |
_aSantander ; _aMadrid : _bAntonio Zuñiga, _c1948. |
||
| 300 |
_a66 p. : _bil. ; _c22 cm. |
||
| 490 | 1 |
_aColección El viento sur ; _v4 |
|
| 700 | 0 |
_aZamorano, Ricardo. _9117958 |
|
| 830 | 0 |
_aColección El viento sur ; _v4 _9184437 |
|
| 852 |
_aES-MaACL _jE-4775 _xEjemplar nº 22 de una tirada de 125 y con la firma autógrafa del autor y del ilustrador |
||
| 942 | _2udc | ||
| 999 |
_c97717 _d97717 |
||